| 000 | 00631nam a2200205Ia 4500 | ||
|---|---|---|---|
| 005 | 20250508162037.0 | ||
| 008 | 008 250505s9999 xx 000 0 eng d | ||
| 020 | _a0-11-270448-4 | ||
| 037 | _aTextual | ||
| 040 |
_aFEDL _beng _cFEDL |
||
| 041 |
_aeng _2eng |
||
| 084 |
_a370.732, HMS _qFEDL |
||
| 245 | 0 | _aDevelopments in the BEd degree course : A study based on fifteen institutions | |
| 260 |
_aLondon, UK _bHer Majesty's Stationery Office _c1979 |
||
| 300 | _a48p. | ||
| 490 | _aDepartment of education and science | ||
| 650 | _aEducation | ||
| 942 |
_cTEXL _h370.732, HMS |
||
| 999 |
_c1374027 _d1374027 |
||